|
|
|
|
| LEADER |
00962nam a2200361 4500 |
| 001 |
DLU060054786 |
| 005 |
##20060815 |
| 040 |
# |
# |
|a DLU
|b vie
|
| 041 |
# |
# |
|a vie
|
| 044 |
# |
# |
|a vn
|
| 082 |
# |
# |
|a 638
|b Gia
|
| 245 |
# |
# |
|a Giáo trình dâu tằm - ong mật /
|c Nguyễn Văn Long chủ biên, ... [và những người khác]
|
| 260 |
# |
# |
|a H. :
|b Nông nghiệp,
|c 2005
|
| 300 |
# |
# |
|a 204 tr. :
|b minh hoạ ;
|c 27 cm
|
| 504 |
# |
# |
|a Tài liệu tham khảo :tr.203
|
| 653 |
# |
# |
|a Giáo trình
|
| 653 |
# |
# |
|a Kỹ thuật nông nghiệp
|
| 653 |
# |
# |
|a Ong mật
|
| 653 |
# |
# |
|a Tằm dâu
|
| 700 |
# |
# |
|a Bùi Thị Điểm
|
| 700 |
# |
# |
|a Nguyễn Duy Trí
|
| 700 |
# |
# |
|a Nguyễn Văn Long,
|e chủ biên
|
| 700 |
# |
# |
|a Trần Thị Ngọc
|
| 923 |
# |
# |
|a 15/2006
|
| 992 |
# |
# |
|a 58.000
|
| 994 |
# |
# |
|a DLU
|
| 900 |
# |
# |
|a True
|
| 911 |
# |
# |
|a Đào Thị Thu Huyền
|
| 925 |
# |
# |
|a G
|
| 926 |
# |
# |
|a A
|
| 927 |
# |
# |
|a SH
|
| 980 |
# |
# |
|a Thư viện Trường Đại học Đà Lạt
|